[Event "GER-chT Seniors 21st"]
[Site "Berlin"]
[Date "2012.09.13"]
[Round "4.28"]
[White "Brameyer, Hermann"]
[Black "Schowalter, Gerd"]
[Result "1-0"]
[WhiteElo "2085"]
[BlackElo "1761"]
[PlyCount "49"]
[EventDate "2012.09.10"]
[EventType "team-swiss"]
[EventRounds "7"]
[EventCountry "GER"]
[SourceTitle "CBM 150 Extra"]
[Source "ChessBase"]
[SourceDate "2012.10.19"]
[SourceVersion "1"]
[SourceVersionDate "2012.10.19"]
[SourceQuality "1"]
[WhiteTeam "Berlin Seniors"]
[BlackTeam "Rheinland Pfalz Seniors"]
[WhiteTeamCountry "GER"]
[BlackTeamCountry "GER"]

1. d4 e6 2. Nf3 Nf6 3. Bg5 Be7 4. Nbd2 d5 5. e3 Nbd7 6. Bd3 b6 7. c3 0-0 8. Qa4 Bb7 9. Ne5 Nxe5 10. dxe5 Nd7 11. Qh4 g6 12. Bxe7 Qe8 13. Nf3 f5 14. Bxf8 Qxf8 15. Qg5 Nc5 16. 0-0-0 Na4 17. Qf4 Nxc3 18. bxc3 Qa3+ 19. Kd2 Qb2+ 20. Bc2 d4 21. Qxd4 Be4 22. Rc1 c5 23. Qd7 Qxa2 24. Ng5 Bd5 25. Qf7+ 1-0

[Event "GER-chT Seniors 19th"]
[Site "Eckernfoerde"]
[Date "2010.09.19"]
[Round "7.4"]
[White "Brameyer, Hermann"]
[Black "Dietrich, Igor"]
[Result "1-0"]
[WhiteElo "2153"]
[BlackElo "1762"]
[PlyCount "81"]
[EventDate "2010.09.13"]
[EventType "team-swiss"]
[EventRounds "7"]
[EventCountry "GER"]
[SourceTitle "EXT 2011"]
[Source "ChessBase"]
[SourceDate "2010.11.26"]
[SourceVersion "1"]
[SourceVersionDate "2010.11.26"]
[SourceQuality "1"]
[WhiteTeam "Berlin"]
[BlackTeam "Bremen"]
[WhiteTeamCountry "GER"]
[BlackTeamCountry "GER"]

1. d4 d5 2. Nf3 Nf6 3. c4 c6 4. Nc3 Bf5 5. cxd5 cxd5 6. Qb3 Bc8 7. Bf4 e6 8. e3 Be7 9. Bd3 0-0 10. Rc1 Nc6 11. h3 Bd6 12. Bxd6 Qxd6 13. 0-0 a6 14. Na4 Qb4 15. Qxb4 Nxb4 16. Bb1 Bd7 17. Nb6 Bb5 18. Nxa8 Bxf1 19. Kxf1 Rxa8 20. Rc7 Rb8 21. Ne5 a5 22. Rxf7 Nc6 23. Rc7 Ne8 24. Nxc6 bxc6 25. Rxc6 Rxb2 26. Bd3 Rxa2 27. Rxe6 Kf7 28. Ra6 Nf6 29. Ra7+ Kf8 30. g4 a4 31. g5 Ne4 32. Bxe4 dxe4 33. Kg2 a3 34. Kg3 Ra1 35. Kf4 Rf1 36. Rxa3 Rxf2+ 37. Kxe4 Rh2 38. d5 Rxh3 39. d6 Rh5 40. Ra8+ Kf7 41. d7 1-0

[Event "GER-chT Seniors 19th"]
[Site "Eckernfoerde"]
[Date "2010.09.15"]
[Round "3.4"]
[White "Brameyer, Hermann"]
[Black "Thieme, Hans"]
[Result "0-1"]
[WhiteElo "2153"]
[BlackElo "2010"]
[PlyCount "112"]
[EventDate "2010.09.13"]
[EventType "team-swiss"]
[EventRounds "7"]
[EventCountry "GER"]
[SourceTitle "EXT 2011"]
[Source "ChessBase"]
[SourceDate "2010.11.26"]
[SourceVersion "1"]
[SourceVersionDate "2010.11.26"]
[SourceQuality "1"]
[WhiteTeam "Berlin"]
[BlackTeam "Hessen II"]
[WhiteTeamCountry "GER"]
[BlackTeamCountry "GER"]

1. d4 Nf6 2. Nf3 e6 3. Bf4 c5 4. e3 Qb6 5. Qc1 Nc6 6. c3 d5 7. Nbd2 Bd7 8. Bd3 Rc8 9. Qb1 h6 10. 0-0 Be7 11. a3 0-0 12. dxc5 Bxc5 13. b4 Be7 14. c4 Nh5 15. Ne5 Nxe5 16. Bxe5 dxc4 17. Nxc4 Qb5 18. Bd6 Qg5 19. f4 Qf6 20. Qd1 g6 21. Ne5 Ba4 22. Qxa4 Bxd6 23. Ng4 Qc3 24. Rad1 Bb8 25. Rf2 Qg7 26. Rc2 Nf6 27. Nf2 Rxc2 28. Bxc2 Nd5 29. Qb3 Rc8 30. Ne4 a6 31. Nc5 Ba7 32. Be4 Bxc5 33. bxc5 Rxc5 34. Qxb7 Qc3 35. Qb8+ Kg7 36. Bxd5 Qxe3+ 37. Kh1 Rxd5 38. Qb2+ Kh7 39. Rf1 Qxf4 40. Qe2 Qc7 41. Qxa6 Rf5 42. Rxf5 gxf5 43. h3 Qc1+ 44. Kh2 Qf4+ 45. Kg1 Qd4+ 46. Kf1 Kg7 47. a4 e5 48. a5 e4 49. Qb5 e3 50. g3 Qd1+ 51. Kg2 Qd2+ 52. Kh1 Qe1+ 53. Kg2 Qf2+ 54. Kh1 e2 55. Qe5+ Kh7 56. Qxf5+ Qxf5 0-1

[Event "GER-chT Seniors 19th"]
[Site "Eckernfoerde"]
[Date "2010.09.13"]
[Round "1.4"]
[White "Brameyer, Hermann"]
[Black "Krueger, Gerhard"]
[Result "1/2-1/2"]
[WhiteElo "2153"]
[BlackElo "1922"]
[PlyCount "107"]
[EventDate "2010.09.13"]
[EventType "team-swiss"]
[EventRounds "7"]
[EventCountry "GER"]
[SourceTitle "EXT 2011"]
[Source "ChessBase"]
[SourceDate "2010.11.26"]
[SourceVersion "1"]
[SourceVersionDate "2010.11.26"]
[SourceQuality "1"]
[WhiteTeam "Berlin"]
[BlackTeam "Mecklenburg Vorpommern"]
[WhiteTeamCountry "GER"]
[BlackTeamCountry "GER"]

1. d4 d5 2. Nf3 Nf6 3. c4 c6 4. Nc3 e6 5. Bg5 Be7 6. e3 Nbd7 7. Qc2 0-0 8. 0-0-0 h6 9. h4 dxc4 10. Bxc4 b5 11. Be2 Bb7 12. Bxf6 Nxf6 13. Ne5 Qb6 14. Bf3 c5 15. dxc5 Bxc5 16. Qe2 Rac8 17. Kb1 a6 18. g4 Bd6 19. Bxb7 Qxb7 20. Nf3 Bb4 21. g5 Bxc3 22. gxf6 Qe4+ 23. Ka1 Bxf6 24. Rc1 Rfd8 25. h5 Rxc1+ 26. Rxc1 Qd5 27. e4 Qd3 28. Qe3 Qxe3 29. fxe3 Rd3 30. Re1 Bg5 31. Nxg5 hxg5 32. Kb1 Rd2 33. Rg1 f6 34. a4 bxa4 35. Ka2 Rh2 36. Ka3 Rxh5 37. Kxa4 Rh2 38. b4 Rc2 39. Ka5 Rc6 40. e5 Kf7 41. Rd1 Ke7 42. Rd6 Rxd6 43. exd6+ Kxd6 44. Kxa6 g4 45. b5 g3 46. b6 g2 47. b7 g1Q 48. b8Q+ Kd5 49. Qd8+ Ke4 50. Qd4+ Kf3 51. Qf4+ Ke2 52. Qc4+ Kf2 53. Qf4+ Ke1 54. Qb4+ 1/2-1/2

[Event "Oberliga Nord O 0910"]
[Site "Germany"]
[Date "2010.04.11"]
[Round "9.5"]
[White "Brameyer, Hermann"]
[Black "Steinhagen, Bernd"]
[Result "1-0"]
[WhiteElo "2231"]
[BlackElo "2318"]
[PlyCount "127"]
[EventDate "2009.10.18"]
[EventType "team-tourn"]
[EventRounds "9"]
[EventCountry "GER"]
[SourceTitle "EXT 2011"]
[Source "ChessBase"]
[SourceDate "2010.11.26"]
[SourceVersion "1"]
[SourceVersionDate "2010.11.26"]
[SourceQuality "1"]
[WhiteTeam "Lichtenberg"]
[BlackTeam "Pankow Rotation"]
[WhiteTeamCountry "GER"]
[BlackTeamCountry "GER"]

1. e4 c5 2. c3 d5 3. exd5 Qxd5 4. d4 Nf6 5. Nf3 Bg4 6. Be2 e6 7. h3 Bh5 8. Na3 a6 9. dxc5 Qxd1+ 10. Bxd1 Bxc5 11. b4 Be7 12. Nc4 Nd5 13. Bd2 Nd7 14. Nfe5 Nxe5 15. Nxe5 Bxd1 16. Kxd1 Bf6 17. Re1 Rc8 18. Rc1 Bxe5 19. Rxe5 Rc4 20. Rg5 0-0 21. Rg4 Rfc8 22. Rxc4 Rxc4 23. Kc2 Kf8 24. Kb3 Re4 25. c4 Ne7 26. Re1 Rd4 27. Bc3 Rd3 28. a4 Nf5 29. Kc2 Rd7 30. Rd1 Rxd1 31. Kxd1 f6 32. Kc2 Ke7 33. b5 Kd7 34. Kd3 h5 35. c5 axb5 36. axb5 Ne7 37. Kd4 Nd5 38. Bd2 Ne7 39. Ba5 Nd5 40. g3 Ne7 41. c6+ bxc6 42. b6 Kc8 43. Kc5 Kb7 44. Kd6 Nd5 45. Kxe6 h4 46. Kf7 g5 47. gxh4 gxh4 48. Bd2 Kxb6 49. Kg6 Kc5 50. Kh5 Kd4 51. Kxh4 c5 52. Kg4 c4 53. Kf5 c3 54. Bh6 c2 55. h4 Ne7+ 56. Ke6 Ng6 57. h5 Ne5 58. Bc1 Nd3 59. Be3+ Ke4 60. h6 Nxf2 61. Bc1 Nd3 62. Ba3 Ne5 63. h7 Nc4 64. Bc1 1-0

[Event "Oberliga Nord O 0910"]
[Site "Germany"]
[Date "2010.03.21"]
[Round "8.4"]
[White "Brameyer, Hermann"]
[Black "Kalabic, Faris"]
[Result "1-0"]
[WhiteElo "2231"]
[BlackElo "2255"]
[PlyCount "85"]
[EventDate "2009.10.18"]
[EventType "team-tourn"]
[EventRounds "9"]
[EventCountry "GER"]
[SourceTitle "EXT 2011"]
[Source "ChessBase"]
[SourceDate "2010.11.26"]
[SourceVersion "1"]
[SourceVersionDate "2010.11.26"]
[SourceQuality "1"]
[WhiteTeam "Lichtenberg"]
[BlackTeam "Zehlendorf"]
[WhiteTeamCountry "GER"]
[BlackTeamCountry "GER"]

1. c4 Nf6 2. Nc3 g6 3. Nf3 Bg7 4. d4 0-0 5. Bg5 h6 6. Bh4 c5 7. d5 Qa5 8. Qd2 a6 9. e4 d6 10. Bd3 b5 11. 0-0 bxc4 12. Be2 Nbd7 13. h3 Rb8 14. Rab1 Re8 15. Bg3 Rb4 16. a3 Rb3 17. Qc2 Nh7 18. Bxc4 Rb7 19. Rfe1 Nb6 20. Bf1 c4 21. Nd2 Qc5 22. Na4 Nxa4 23. Qxa4 Bd7 24. Qxc4 Rxb2 25. Qxc5 dxc5 26. Rxb2 Bxb2 27. Nc4 Bd4 28. e5 Nf8 29. Rb1 Bb5 30. Na5 Nd7 31. Bxb5 axb5 32. Nc6 Nb6 33. Rxb5 Nc4 34. a4 Kf8 35. Bh2 Rc8 36. Rb7 e6 37. d6 Nxd6 38. exd6 Rxc6 39. Rb8+ Kg7 40. d7 Bf6 41. d8Q Bxd8 42. Rxd8 Kf6 43. Bf4 1-0

[Event "EU-chT Seniors 12th"]
[Site "Dresden"]
[Date "2010.02.17"]
[Round "8"]
[White "Brameyer, Hermann"]
[Black "Klundt, Klaus"]
[Result "1/2-1/2"]
[WhiteElo "2237"]
[BlackElo "2340"]
[PlyCount "23"]
[EventDate "2010.02.10"]
[EventType "team-swiss"]
[EventRounds "9"]
[EventCountry "GER"]
[SourceTitle "CBM 134 Extra"]
[Source "ChessBase"]
[SourceDate "2010.03.03"]
[SourceVersion "1"]
[SourceVersionDate "2010.03.03"]
[SourceQuality "1"]
[WhiteTeam "Berlin (Seniors)"]
[BlackTeam "Germany (Seniors)"]
[WhiteTeamCountry "GER"]
[BlackTeamCountry "GER"]

1. c4 c6 2. Nf3 Nf6 3. e3 d5 4. b3 Bg4 5. Be2 e6 6. 0-0 Bd6 7. cxd5 cxd5 8. Bb2 Nc6 9. d4 0-0 10. Ne5 Bxe2 11. Qxe2 Rc8 12. f4 1/2-1/2

[Event "EU-chT Seniors 12th"]
[Site "Dresden"]
[Date "2010.02.11"]
[Round "2"]
[White "Maes, Valeer"]
[Black "Brameyer, Hermann"]
[Result "1/2-1/2"]
[WhiteElo "2163"]
[BlackElo "2237"]
[PlyCount "31"]
[EventDate "2010.02.10"]
[EventType "team-swiss"]
[EventRounds "9"]
[EventCountry "GER"]
[SourceTitle "CBM 134 Extra"]
[Source "ChessBase"]
[SourceDate "2010.03.03"]
[SourceVersion "1"]
[SourceVersionDate "2010.03.03"]
[SourceQuality "1"]
[WhiteTeam "Belgium (Seniors)"]
[BlackTeam "Berlin (Seniors)"]
[WhiteTeamCountry "BEL"]
[BlackTeamCountry "GER"]

1. d4 d5 2. Nf3 Nf6 3. c4 e6 4. Nc3 c6 5. cxd5 exd5 6. Bg5 h6 7. Bh4 Bf5 8. e3 Nbd7 9. Bd3 Bxd3 10. Qxd3 Be7 11. 0-0 0-0 12. Rab1 a5 13. Qc2 Ne4 14. Nxe4 Bxh4 15. Nxh4 Qxh4 16. Nc5 1/2-1/2

[Event "Oberliga Nord O 0910"]
[Site "Germany"]
[Date "2010.01.24"]
[Round "5.4"]
[White "Brameyer, Hermann"]
[Black "Neubauer, Bernd"]
[Result "1/2-1/2"]
[WhiteElo "2231"]
[BlackElo "2214"]
[PlyCount "96"]
[EventDate "2009.10.18"]
[EventType "team-tourn"]
[EventRounds "9"]
[EventCountry "GER"]
[SourceTitle "EXT 2011"]
[Source "ChessBase"]
[SourceDate "2010.11.26"]
[SourceVersion "1"]
[SourceVersionDate "2010.11.26"]
[SourceQuality "1"]
[WhiteTeam "Lichtenberg"]
[BlackTeam "Eberswalde"]
[WhiteTeamCountry "GER"]
[BlackTeamCountry "GER"]

1. d4 Nf6 2. Nf3 d5 3. c4 e6 4. Nc3 Be7 5. Bg5 0-0 6. e3 Nbd7 7. Qc2 a6 8. cxd5 exd5 9. Bd3 h6 10. Bf4 c5 11. dxc5 Nxc5 12. Be2 Nce4 13. 0-0 Nxc3 14. Qxc3 Bd6 15. Bxd6 Qxd6 16. Rac1 Be6 17. Qd4 Rac8 18. Bd3 Rc7 19. e4 Rxc1 20. Rxc1 Qf4 21. Re1 dxe4 22. Bb1 Qc7 23. Qe5 Qxe5 24. Nxe5 Rc8 25. h3 Kf8 26. b3 Rc5 27. Ng4 Nxg4 28. hxg4 Bxg4 29. Bxe4 Re5 30. Re3 b6 31. f4 Re7 32. Kf2 a5 33. a3 f5 34. Bd3 g5 35. g3 gxf4 36. gxf4 Rxe3 37. Kxe3 Ke7 38. Kd4 Kd6 39. b4 axb4 40. axb4 h5 41. Bc4 Bf3 42. Ke3 Bd5 43. Bd3 Be6 44. Bc2 Bd7 45. Bb3 h4 46. Kf2 Be8 47. Kg2 Bc6+ 48. Kh3 Be4 1/2-1/2

[Event "Oberliga Nord O 0910"]
[Site "Germany"]
[Date "2009.11.15"]
[Round "2.4"]
[White "Sroczynski, Maciej"]
[Black "Brameyer, Hermann"]
[Result "1-0"]
[WhiteElo "2212"]
[BlackElo "2231"]
[PlyCount "77"]
[EventDate "2009.10.18"]
[EventType "team-tourn"]
[EventRounds "9"]
[EventCountry "GER"]
[SourceTitle "EXT 2011"]
[Source "ChessBase"]
[SourceDate "2010.11.26"]
[SourceVersion "1"]
[SourceVersionDate "2010.11.26"]
[SourceQuality "1"]
[WhiteTeam "Ruedersdorf"]
[BlackTeam "Lichtenberg"]
[WhiteTeamCountry "GER"]
[BlackTeamCountry "GER"]

1. e4 c5 2. Nf3 Nc6 3. d4 cxd4 4. Nxd4 Nf6 5. Nc3 e5 6. Ndb5 d6 7. Bg5 a6 8. Na3 Be6 9. Nc4 Rc8 10. Ne3 Be7 11. Bd3 Nxe4 12. Bxe4 Bxg5 13. Nf5 Bxf5 14. Bxf5 Rb8 15. 0-0 0-0 16. Nd5 g6 17. Bd3 Kg7 18. Kh1 f5 19. f3 Qa5 20. Bc4 Qc5 21. Qd3 e4 22. Qc3+ Ne5 23. Bb3 Qxc3 24. Nxc3 exf3 25. gxf3 Bf6 26. Nd5 Rbc8 27. Rad1 Rfd8 28. Nf4 Kh6 29. Ne6 Rd7 30. f4 Ng4 31. Rd3 Bh4 32. Rh3 Kh5 33. Nd4 h6 34. Be6 Rdc7 35. Nf3 g5 36. fxg5 hxg5 37. Nxh4 gxh4 38. Rxf5+ Kg6 39. Rf4 1-0

[Event "GER-chT Seniors 18th"]
[Site "Finsterbergen"]
[Date "2009.09.13"]
[Round "2"]
[White "Brameyer, Hermann"]
[Black "Siegmund, Rainer"]
[Result "1-0"]
[WhiteElo "2231"]
[BlackElo "2145"]
[PlyCount "97"]
[EventDate "2009.09.12"]
[EventType "team-swiss"]
[EventRounds "7"]
[EventCountry "GER"]
[SourceTitle "CBM 132 Extra"]
[Source "ChessBase"]
[SourceDate "2009.11.03"]
[SourceVersion "1"]
[SourceVersionDate "2009.11.03"]
[SourceQuality "1"]

1. d4 Nf6 2. Nf3 e6 3. Bg5 d5 4. e3 Be7 5. Nbd2 Nbd7 6. Bd3 c5 7. c3 0-0 8. Qa4 c4 9. Bb1 a6 10. Qc2 g6 11. 0-0 b5 12. Ne5 Nxe5 13. dxe5 Nd7 14. Bxe7 Qxe7 15. f4 Bb7 16. Nf3 f6 17. Qd2 fxe5 18. fxe5 Nc5 19. Bc2 Bc6 20. Nd4 Bd7 21. Qe2 Qg7 22. Nf3 Bc6 23. Qd2 Qe7 24. Rad1 Rad8 25. Qd4 Bb7 26. Qg4 Qg7 27. h4 Rfe8 28. Rd4 Nd7 29. Qg3 Qh6 30. h5 Qxe3+ 31. Rf2 Qc1+ 32. Rd1 Qh6 33. hxg6 hxg6 34. Bxg6 Re7 35. Rd4 Rg7 36. Rg4 Nf8 37. Bc2 Rxg4 38. Qxg4+ Qg7 39. Ng5 Rd7 40. Rxf8+ Qxf8 41. Nxe6+ Rg7 42. Nxg7 Qxg7 43. Qxg7+ Kxg7 44. Bf5 a5 45. Kf2 d4 46. cxd4 b4 47. g4 Bd5 48. Ke3 a4 49. Kd2 1-0

[Event "EU-chT Seniors 10th"]
[Site "Dresden"]
[Date "2008.02.18"]
[Round "8.3"]
[White "Brameyer, Hermann"]
[Black "Grinberg, Iosif P"]
[Result "0-1"]
[WhiteElo "2246"]
[BlackElo "2268"]
[PlyCount "88"]
[EventDate "2008.02.11"]
[EventType "team-swiss"]
[EventRounds "9"]
[EventCountry "GER"]
[SourceTitle "CBM 122 Extra"]
[Source "ChessBase"]
[SourceDate "2008.03.04"]
[SourceVersion "1"]
[SourceVersionDate "2008.03.04"]
[SourceQuality "1"]
[WhiteTeam "Berlin"]
[BlackTeam "St Petersburg"]
[WhiteTeamCountry "GER"]
[BlackTeamCountry "RUS"]

1. d4 f5 2. g3 g6 3. Bg2 Bg7 4. Nf3 d6 5. 0-0 Nh6 6. c4 Nf7 7. Nc3 Nc6 8. Be3 0-0 9. Rc1 e5 10. dxe5 Ncxe5 11. Nxe5 dxe5 12. Bc5 Re8 13. Nb5 Bd7 14. Bxb7 Rb8 15. Bd5 a6 16. Ba7 Rc8 17. Nc3 c6 18. Bxf7+ Kxf7 19. Bb6 Qxb6 20. Qxd7+ Kg8 21. Qd2 e4 22. Na4 e3 23. Nxb6 exd2 24. Rc2 Rcd8 25. Rd1 Bd4 26. Rcxd2 Bxb6 27. Kf1 Rxd2 28. Rxd2 Rd8 29. Rc2 Rd1+ 30. Kg2 Ba5 31. Kf3 Rd2 32. Rxd2 Bxd2 33. g4 fxg4+ 34. Kxg4 Kf7 35. e3 Kf6 36. Kf4 Bc1 37. b3 Bb2 38. h3 h6 39. Kg4 Ke5 40. Kf3 Kf5 41. Kg3 g5 42. f3 Bc1 43. e4+ Ke5 44. h4 h5 0-1

[Event "GER-chT Seniors 16th"]
[Site "Halle"]
[Date "2007.09.15"]
[Round "3.4"]
[White "Brameyer, Hermann"]
[Black "Krueger, Erich"]
[Result "1/2-1/2"]
[WhiteElo "2221"]
[BlackElo "2210"]
[PlyCount "27"]
[EventDate "2007.09.13"]
[EventType "team"]
[EventRounds "7"]
[EventCountry "GER"]
[SourceTitle "EXT 2008"]
[Source "ChessBase"]
[SourceDate "2007.11.25"]
[SourceVersion "1"]
[SourceVersionDate "2007.11.25"]
[SourceQuality "1"]

1. d4 Nf6 2. Nf3 g6 3. c4 Bg7 4. Nc3 d6 5. Bg5 0-0 6. e3 c5 7. d5 e6 8. Be2 exd5 9. cxd5 Qb6 10. Qb3 Na6 11. Qxb6 axb6 12. 0-0 Nc7 13. Rfd1 Bf5 14. Nd2 1/2-1/2

[Event "EU-chT Seniors 09th"]
[Site "Dresden"]
[Date "2007.02.17"]
[Round "2"]
[White "Brameyer, Hermann"]
[Black "Peleikis, Horst"]
[Result "1-0"]
[WhiteElo "2225"]
[BlackElo "2101"]
[PlyCount "81"]
[EventDate "2007.02.16"]
[EventType "team-swiss"]
[EventRounds "9"]
[EventCountry "GER"]
[SourceTitle "CBM 117 Extra"]
[Source "ChessBase"]
[SourceDate "2007.05.09"]
[SourceVersion "1"]
[SourceVersionDate "2007.05.09"]
[SourceQuality "1"]

1. d4 Nf6 2. Nf3 g6 3. c4 Bg7 4. Nc3 d6 5. Bg5 h6 6. Bh4 0-0 7. e3 Nbd7 8. Be2 c5 9. d5 Re8 10. h3 g5 11. Bg3 Nf8 12. Qc2 Bd7 13. 0-0 Qc8 14. Rfe1 Bf5 15. e4 Bg6 16. Bd3 N6d7 17. e5 Bxd3 18. Qxd3 Nxe5 19. Nxe5 dxe5 20. Bxe5 Ng6 21. Bxg7 Kxg7 22. Ne4 b6 23. Ng3 Qd7 24. Re3 Kf8 25. Rae1 Rad8 26. Rf3 Kg8 27. Nh5 Rf8 28. Rf6 Nf4 29. Nxf4 exf6 30. Nh5 Qd6 31. Re6 Qxe6 32. Qc3 Qf5 33. Nxf6+ Kg7 34. Ne8+ Kg6 35. Qg7+ Kh5 36. g4+ Qxg4+ 37. hxg4+ Kxg4 38. Nf6+ Kf5 39. Nd7 Rh8 40. f3 Kf4 41. Kf2 1-0

[Event "Oberliga Nord O 0506"]
[Site "Germany"]
[Date "2006.04.02"]
[Round "9.5"]
[White "Thiele, Matthias"]
[Black "Brameyer, Hermann"]
[Result "1-0"]
[WhiteElo "2199"]
[BlackElo "2242"]
[PlyCount "127"]
[EventDate "2005.10.23"]
[EventType "team-tourn"]
[EventRounds "9"]
[EventCountry "GER"]
[SourceTitle "EXT 2007"]
[Source "ChessBase"]
[SourceDate "2006.11.23"]
[SourceVersion "1"]
[SourceVersionDate "2006.11.23"]
[SourceQuality "1"]
[WhiteTeam "Koenig Tegel II"]
[BlackTeam "Friesen Lichtenberg"]
[WhiteTeamCountry "GER"]
[BlackTeamCountry "GER"]

1. d4 f5 2. c4 Nf6 3. Nc3 g6 4. g3 Bg7 5. Bg2 d6 6. d5 0-0 7. Nh3 c6 8. 0-0 Qe8 9. Qb3 Kh8 10. Rd1 c5 11. Nf4 Na6 12. Ne6 Bxe6 13. Qxb7 Bd7 14. Qxa6 h6 15. Nb5 Qf7 16. Bd2 Ne4 17. Rab1 Nxd2 18. Rxd2 f4 19. Rf1 Bxb5 20. cxb5 Bd4 21. Bf3 Qf6 22. Qa3 fxg3 23. hxg3 Qg5 24. Rxd4 cxd4 25. Qd3 Qf6 26. Rd1 Rfc8 27. Qxd4 Rc2 28. Qe3 Kg7 29. Rc1 Rxc1+ 30. Qxc1 h5 31. a4 h4 32. Kg2 hxg3 33. fxg3 Qe5 34. b3 Rg8 35. Qc7 Qe3 36. a5 Kf6 37. Qd7 Rb8 38. b4 Kg7 39. b6 axb6 40. a6 b5 41. Bg4 Kh6 42. Bf3 Ra8 43. Qxb5 Qa7 44. Qc4 Rb8 45. b5 Kg7 46. Bg4 Rf8 47. Qc3+ Kh7 48. e3 Qb6 49. Be2 Kg8 50. Qd4 Qa5 51. Qe4 Rf5 52. g4 Qe1 53. gxf5 Qxe2+ 54. Kg3 Qe1+ 55. Kh3 gxf5 56. Qe6+ Kf8 57. Qh6+ Ke8 58. a7 Qf1+ 59. Kh4 Qf2+ 60. Kh5 Qf3+ 61. Kg6 Qg4+ 62. Qg5 Qa4 63. Qxf5 Kd8 64. a8Q+ 1-0

[Event "Oberliga Nord O 0506"]
[Site "Germany"]
[Date "2006.03.12"]
[Round "8.5"]
[White "Brameyer, Hermann"]
[Black "Mielke, Sven"]
[Result "1-0"]
[WhiteElo "2242"]
[BlackElo "2144"]
[PlyCount "51"]
[EventDate "2005.10.23"]
[EventType "team-tourn"]
[EventRounds "9"]
[EventCountry "GER"]
[SourceTitle "EXT 2007"]
[Source "ChessBase"]
[SourceDate "2006.11.23"]
[SourceVersion "1"]
[SourceVersionDate "2006.11.23"]
[SourceQuality "1"]
[WhiteTeam "Friesen Lichtenberg"]
[BlackTeam "Berlin Empor"]
[WhiteTeamCountry "GER"]
[BlackTeamCountry "GER"]

1. Nf3 Nf6 2. c4 g6 3. Nc3 Bg7 4. d4 d6 5. Bg5 0-0 6. e3 h6 7. Bh4 c5 8. d5 g5 9. Bg3 Nh5 10. Nd2 Nxg3 11. hxg3 Bf5 12. e4 Bg6 13. Bd3 e5 14. g4 Na6 15. Nf1 Rb8 16. Ne3 Qa5 17. Kf1 Nc7 18. Ne2 b5 19. b3 Rfd8 20. Ng3 Bf8 21. Ngf5 Kh7 22. Qf3 Qc3 23. Rd1 bxc4 24. Rxh6+ Bxh6 25. Qh3 Ne8 26. Qxh6+ 1-0

[Event "EU-chT Seniors 08th"]
[Site "Dresden"]
[Date "2006.02.24"]
[Round "8"]
[White "Brameyer, Hermann"]
[Black "Hecht, Hans Joachim"]
[Result "1/2-1/2"]
[WhiteElo "2242"]
[BlackElo "2397"]
[PlyCount "28"]
[EventDate "2006.02.17"]
[EventType "team-swiss"]
[EventRounds "8"]
[EventCountry "GER"]
[SourceTitle "CBM 111 Extra"]
[Source "ChessBase"]
[SourceDate "2006.05.09"]
[SourceVersion "1"]
[SourceVersionDate "2006.05.09"]
[SourceQuality "1"]
[WhiteTeam "Berlin"]
[BlackTeam "Germany"]
[WhiteTeamCountry "GER"]
[BlackTeamCountry "GER"]

1. d4 Nf6 2. Nf3 b6 3. e3 Bb7 4. Bd3 e6 5. 0-0 Be7 6. Nbd2 d5 7. Ne5 0-0 8. b3 Nbd7 9. Nxd7 Nxd7 10. f4 c5 11. c3 f5 12. g4 cxd4 13. cxd4 Qc8 14. Qe2 Nf6 1/2-1/2

[Event "EU-chT Seniors 08th"]
[Site "Dresden"]
[Date "2006.02.21"]
[Round "5"]
[White "Farrand, Julian"]
[Black "Brameyer, Hermann"]
[Result "1/2-1/2"]
[WhiteElo "2166"]
[BlackElo "2242"]
[PlyCount "111"]
[EventDate "2006.02.17"]
[EventType "team-swiss"]
[EventRounds "8"]
[EventCountry "GER"]
[SourceTitle "CBM 111 Extra"]
[Source "ChessBase"]
[SourceDate "2006.05.09"]
[SourceVersion "1"]
[SourceVersionDate "2006.05.09"]
[SourceQuality "1"]
[WhiteTeam "Great Britain II"]
[BlackTeam "Berlin"]
[WhiteTeamCountry "GBR"]
[BlackTeamCountry "GER"]

1. d4 d5 2. Nc3 Nf6 3. Bg5 c5 4. e3 e6 5. Nf3 Nc6 6. a3 Qa5 7. Bxf6 gxf6 8. Be2 f5 9. 0-0 Bg7 10. Bb5 0-0 11. Bxc6 bxc6 12. Ne5 Ba6 13. Re1 Qc7 14. f4 cxd4 15. exd4 c5 16. dxc5 Qxc5+ 17. Kh1 Rad8 18. Ne2 Qf2 19. Qd4 Qxd4 20. Nxd4 Rd6 21. Rad1 Rb8 22. b4 Bb5 23. Nxb5 Rxb5 24. c4 Rb8 25. c5 Ra6 26. Re3 Bxe5 27. fxe5 Kf8 28. Kg1 Ke7 29. Rh3 Rb5 30. Rdd3 Rc6 31. Rxh7 a5 32. Rd4 axb4 33. axb4 Ra6 34. h3 Ra2 35. Kh2 Rb8 36. Rg7 Rb2 37. Rg3 R8xb4 38. Rxb4 Rxb4 39. Ra3 Rc4 40. Ra7+ Kf8 41. Rc7 d4 42. c6 Kg7 43. Kg3 d3 44. Rd7 Rxc6 45. Rxd3 Rc4 46. Kf3 Re4 47. Re3 Rb4 48. g3 Kg6 49. Rc3 Kg5 50. h4+ Kh5 51. Rc7 Kg6 52. Rc3 Rb1 53. Kf4 Rf1+ 54. Rf3 Re1 55. Re3 Rb1 56. Rc3 1/2-1/2

[Event "EU-chT Seniors 08th"]
[Site "Dresden"]
[Date "2006.02.18"]
[Round "2"]
[White "MacDonald Ross, Michael"]
[Black "Brameyer, Hermann"]
[Result "1/2-1/2"]
[WhiteElo "2207"]
[BlackElo "2242"]
[PlyCount "84"]
[EventDate "2006.02.17"]
[EventType "team-swiss"]
[EventRounds "8"]
[EventCountry "GER"]
[SourceTitle "CBM 111 Extra"]
[Source "ChessBase"]
[SourceDate "2006.05.09"]
[SourceVersion "1"]
[SourceVersionDate "2006.05.09"]
[SourceQuality "1"]
[WhiteTeam "Great Britain"]
[BlackTeam "Berlin"]
[WhiteTeamCountry "GBR"]
[BlackTeamCountry "GER"]

1. d4 d5 2. Nf3 Nf6 3. e3 Bf5 4. c4 c6 5. cxd5 cxd5 6. Nc3 e6 7. Qb3 Qb6 8. Qxb6 axb6 9. Bd2 Nc6 10. Bb5 Bd6 11. Ke2 Ke7 12. Rhc1 Rhc8 13. Nh4 Bg4+ 14. f3 Bh5 15. g4 Bg6 16. h3 Na7 17. Ba4 Ne8 18. e4 dxe4 19. fxe4 Nc6 20. Bg5+ Kf8 21. Nxg6+ hxg6 22. Be3 Bb4 23. Bb5 Nc7 24. Bd3 Rd8 25. d5 exd5 26. Bxb6 dxe4 27. Bxe4 Re8 28. Bxc7 Bxc3 29. bxc3 Rxe4+ 30. Kf2 Rc8 31. Bd6+ Ke8 32. Re1 Rxe1 33. Rxe1+ Kd7 34. Bc5 Kc7 35. Rb1 Rb8 36. Kg3 Re8 37. Bb6+ Kc8 38. Rf1 f6 39. Rf4 Kd7 40. Rf2 Ra8 41. Rd2+ Ke6 42. Re2+ Kd7 1/2-1/2